| 000 | 00726cam a2200253 4500500 | ||
|---|---|---|---|
| 005 | 20260329004728.0 | ||
| 041 | _afre | ||
| 042 | _adc | ||
| 100 | 1 | 0 |
_aEltchaninoff, Michel _eauthor |
| 245 | 0 | 0 | _aAlexis Lavis : “Le rapport au vaccin est très différent en Chine” |
| 260 | _c2021. | ||
| 500 | _a81 | ||
| 690 | _aAdministration | ||
| 690 | _aAlexis Lavis | ||
| 690 | _aChine | ||
| 690 | _aCovid-19 | ||
| 690 | _aÉtat | ||
| 690 | _aMaladie | ||
| 690 | _aSanté | ||
| 690 | _aSoin | ||
| 690 | _avaccin | ||
| 786 | 0 | _nPhilosophie magazine | 146 | 2 | 2021-02-01 | p. 31-31 | 1951-1787 | |
| 856 | 4 | 1 | _uhttps://shs.cairn.info/magazine-philosophie-magazine-2021-2-page-31?lang=fr&redirect-ssocas=7080 |
| 999 |
_c1836728 _d1836728 |
||